TRUE BLUE (Record no. 2251)
[ view plain ]
| 000 -LEADER | |
|---|---|
| fixed length control field | 00568nam a22001337a 4500 |
| 082 ## - DEWEY DECIMAL CLASSIFICATION NUMBER | |
| Classification number | 823 |
| Item number | BAL/T |
| 100 ## - MAIN ENTRY--AUTHOR NAME | |
| Personal name | BALDACCI, DAVID |
| 245 ## - TITLE STATEMENT | |
| Title | TRUE BLUE |
| 260 ## - PUBLICATION, DISTRIBUTION, ETC. (IMPRINT) | |
| Place of publication | LONDON |
| Name of publisher | PAN BOOKS |
| 300 ## - PHYSICAL DESCRIPTION | |
| Number of Pages | 643 |
| 520 ## - SUMMARY, ETC. | |
| Summary, etc | Mason “Mace” Perry was a firebrand cop on the D.C. police force until she was kidnapped and framed for a crime — and then spent two years in prison. Now she's back on the outside and focused on one mission: to be a cop once more. Her only shot to be a true blue again is to solve a major case on her own. |
| 650 ## - SUBJECT ADDED ENTRY--TOPICAL TERM | |
| Topical Term | NOVEL |
| Geographic subdivision | LONDON |
| 942 ## - ADDED ENTRY ELEMENTS (KOHA) | |
| Koha item type | Books |
| Withdrawn status | Lost status | Collection code | Home library | Current library | Shelving location | Date acquired | Source of acquisition | Full call number | Accession Number | Koha item type |
|---|---|---|---|---|---|---|---|---|---|---|
| Fiction | Main Library | Main Library | SHELF-2-D ENGLIAH NOVELS FOR TEACHERS | 14/10/2011 | PURCHASE | 823 BAL/T | 05595 | Books |